1805 1387 1032 1873 1469 1687 1174 1247 1311 1627 1142 1007 1602 1741 1822 1917 1588 1306 1252 1005 1685 1710 1307 1910 1696 1895 1829 1302 1540 1048 1667 1989 1269 1876 1475 1241 1574 1019 1909 1499 1466 1443 1295 1726 1789 1197 1740 1710 1482 1530 1467 1116 1723 1922 1064 1237 1815 1825 1425 1946 1324 1669 1330 1072 1965 1768 1373 1473 1019 1728 1816 1613 1645 1740 1987 1284 1830 1375 1332 1971 1049 1729 1622 1518 1596 1724 1210 1041 1774 1926 1467 1071 1163 1455 1894 1791 1164 1365 1721 BCNSPRNW ULIB Ver.6.0+V

เปลี่ยนเป็นภาษาไทย

Change to English
 แสดงรายละเอียดบรรณานุกรม
  กลับหน้าหลัก

Brief Record : Get Marc (ISO 2709) : E-mail record : QR code < ปิดหน้าต่าง
LEADER : 00000nam 2200000uu 4500
001    13399123937
003     ULIB
008    020711s2555 th a 000 0 tha d
020    9786167650517
090    นว.^bท364ฟ
100    กัณฑ์กนิษฐ์
245    เมียนางยั่ว/^cกัณฑ์กนิษฐ์
250    พิมพ์ครั้งที่ 1
260    กรุงเทพฯ :^bกัณฑ์กนิษฐ์,^c2558
300    366 หน้า;^b21 ซม.
710    กัณฑ์กนิษฐ์
945    ^p99^l0^i22723
999    ^aกัณชพร จุลอักษร
รายการนี้ยังไม่มีแท็ก
คุณยังไม่ได้ล็อกอิน คุณสามารถมีกิจกรรมร่วมกับเว็บไซต์ได้ แต่ต้องล็อกอินก่อน ::
  ล็อกอิน

รายการสื่อสารสนเทศ

ลำดับที่ ประเภท เลขเรียก/บาร์โค้ด สถานที่ สถานะ
1. นวนิยาย
นวนิยาย
นว. ท364ฟ ฉ.1 
  Barcode: 22723
ห้องสมุดวิทยาเขตนครสวรรค์
►นวนิยาย:l:Fiction
บนชั้น

รายการใกล้เคียง
    ผู้แต่ง [กัณฑ์กนิษฐ์]

BibComment


ยังไม่เคยถูกคอมเมนท์

คอมเมนท์ทรัพยากรรายการนี้
  คอมเมนท์: เมียนางยั่ว กัณฑ์..


 Copyright 2026. Bcnsprnw @Library